000 00666nam a2200205Ia 4500
005 20250508152705.0
008 008 250505s9999 xx 000 0 eng d
037 _aTextual
040 _aFEDL
_beng
_cFEDL
041 _aeng
_2eng
084 _a370.947, BER
_qFEDL
100 _aBereday George Z F Ed.
_9139640
245 0 _aChanging soviet school : The comparative education society field study in the USSR
260 _aLondon, UK
_bConstable and Company Ltd
_c1960
300 _axvii,514p
650 _aEducation
700 _a Brickman William W Ed. Read Gerald H Ed.
_9762152
942 _cTEXL
_h370.947, BER
999 _c1338075
_d1338075